| 000 | 00997cam a2200301 i 4500 | ||
|---|---|---|---|
| 001 | 60687 | ||
| 003 | Mx-PuUPA | ||
| 005 | 20250815124038.0 | ||
| 008 | 140415s2018 mx gr 000 0 spa d | ||
| 020 | _a9786075026442 | ||
| 040 |
_aMx-PuUPA _bspa _cMx-PuUPA _dMx-PuUPA _erda |
||
| 041 | 0 | _aspa | |
| 100 | 1 |
_aBeuchot, Mauricio, _d1950- _914180 _eautor |
|
| 245 | 1 | 0 |
_aInterpretación, analogicidad y cultura / _cMauricio Beuchot |
| 250 |
_aPrimera edición / _bmarzo |
||
| 264 | 1 |
_aVeracruz, México : _bUniversidad Veracruzana, _c2018 |
|
| 300 |
_a165 páginas ; _c23 cm |
||
| 336 |
_2rdacontent _atexto _btxt |
||
| 337 |
_2rdamedia _asin medio _bn |
||
| 338 |
_2rdacarrier _avolumen _bnc |
||
| 490 | 0 | _aColección Biblioteca | |
| 650 | 7 |
_2armarc _aHermenéutica |
|
| 650 | 7 |
_2armarc _aFilosofía de la cultura |
|
| 942 |
_2ddc _cLI _h121.68 _iB42 |
||
| 999 |
_c60687 _d60687 |
||